[Event "San Francisco TNM Winter op"]
[Site "San Francisco"]
[Date "2016.01.26"]
[Round "4"]
[White "Donaldson, Kyle Garrett"]
[Black "Pintor, Michael"]
[Result "0-1"]
[WhiteElo "1479"]
[BlackElo "1339"]
[PlyCount "74"]
[EventDate "2016.01.05"]
[EventType "swiss"]
[EventRounds "8"]
[EventCountry "USA"]
[SourceTitle "EXT 2018"]
[Source "ChessBase"]
[SourceDate "2017.10.13"]
[SourceVersion "1"]
[SourceVersionDate "2017.10.13"]
[SourceQuality "1"]

1. e4 e5 2. Nf3 Nc6 3. Bb5 a6 4. Ba4 Nf6 5. 0-0 Be7 6. Re1 b5 7. Bb3 h6 8. c3 d6 9. d4 Bg4 10. dxe5 Nxe5 11. Nbd2 c5 12. a3 Qc7 13. Re3 Rd8 14. Qc2 c4 15. Ba2 Nfd7 16. b3 Nb6 17. Nxe5 dxe5 18. Rg3 Be2 19. Rxg7 Bf6 20. Rg3 Ke7 21. a4 Qc5 22. b4 Qc8 23. a5 Na4 24. Bb2 Rhg8 25. Rxg8 Rxg8 26. Bxc4 Bxc4 27. Nxc4 Qxc4 28. Re1 Rd8 29. g3 Nxb2 30. Qxb2 Qd3 31. Qc1 Rc8 32. Re3 Qd7 33. Rf3 Bg5 34. Qb2 Qd1+ 35. Kg2 Rc4 36. h4 Bf6 37. Kh3 Qxf3 0-1